000 00833nam a22001817a 4500
005 20240409155932.0
010 _aHIN-127304
020 _c101.00
035 _aHN-99650
037 _bDBAD
082 _a821
_2द्वितीय
100 _aपाण्डेय स्वामीनाथ
_964534
245 _aखेल/
_cस्वामीनाथ पाण्डेय
260 _c2018
_aफैजाबाद
_bअभिव्यक्ति प्रकाशन
270 _a12/1/53- E , आनन्दबाग़ , कनीगंज , अयोध्या , फैजाबाद - 224123 ( उ॰ प्र॰ )
300 _a118पृ;
_c22सेमी॰/(साजिल्लिद)
942 _2ddc
_cHN
_h821
_mस्वामीनाथ पाण्डेय
_eद्वितीय
999 _c202041
_d202041